A treatise on human nature : (Record no. 31261)
[ view plain ]
| 000 -LEADER | |
|---|---|
| fixed length control field | 01151nam a2200277 a 4500 |
| 001 - CONTROL NUMBER | |
| control field | 31261 |
| 003 - CONTROL NUMBER IDENTIFIER | |
| rucl marc code | BD-RjUL |
| 005 - DATE AND TIME OF LATEST TRANSACTION | |
| control field | 20211209051658.0 |
| 008 - FIXED-LENGTH DATA ELEMENTS--GENERAL INFORMATION | |
| fixed length control field | 140415s1874 enk 000 0 eng d |
| 035 ## - SYSTEM CONTROL NUMBER | |
| System control number | (BD-RjUL)31348 |
| 040 ## - CATALOGING SOURCE | |
| Original cataloging agency | BD-RjUL |
| Language of cataloging | eng |
| Transcribing agency | BD-RjUL |
| Modifying agency | BD-RjUL |
| 041 ## - LANGUAGE CODE | |
| Language code of text/sound track or separate title | eng |
| 082 ## - DEWEY DECIMAL CLASSIFICATION NUMBER | |
| Classification number | 192 |
| Author mark and year | HUT V-1 1874 |
| 100 1# - MAIN ENTRY--PERSONAL NAME | |
| Personal name | Hume, David, |
| Dates associated with a name | 1711-1776. |
| 9 (RLIN) | 95132 |
| 245 12 - TITLE STATEMENT | |
| Title | A treatise on human nature : |
| Remainder of title | being an attempt to introduce the experimental method of reasoning into moral subjects ; and, Dialogues concerning natural religion / |
| Statement of responsibility, etc. | by David Hume ; edited, with preliminary dissertations and notes, by T.H. Green and T.H. Grose |
| 260 ## - PUBLICATION, DISTRIBUTION, ETC. (IMPRINT) | |
| Place of publication, distribution, etc. | London : |
| Name of publisher, distributor, etc. | Longmans, Green, |
| Date of publication, distribution, etc. | 1874. |
| 300 ## - PHYSICAL DESCRIPTION | |
| Pagination | x ,566 p. : |
| Size | 23 cm. |
| 490 1# - SERIES STATEMENT | |
| Series statement | The Philosophical works of David Hume ; |
| Volume/sequential designation | v. 1-2. |
| 650 #0 - SUBJECT ADDED ENTRY--TOPICAL TERM | |
| Topical term or geographic name as entry element | Knowledge, Theory of |
| Form subdivision | Early works to 1800. |
| 9 (RLIN) | 92020 |
| Topical term or geographic name as entry element | Natural theology |
| Form subdivision | Early works to 1800. |
| 9 (RLIN) | 65241 |
| 700 1# - ADDED ENTRY--PERSONAL NAME | |
| Personal name | Green, Thomas Hill, |
| Dates associated with a name | 1836-1882. |
| Personal name | Grose, T. H. |
| Fuller form of name | (Thomas Hodge), |
| Dates associated with a name | 1845-1906. |
| 942 ## - ADDED ENTRY ELEMENTS (KOHA) | |
| Source of classification or shelving scheme | Dewey Decimal Classification |
| Koha item type | Rare Books |
| Lost status | Source of classification or shelving scheme | Damaged status | Not for loan | Collection code | Permanent Location | Current Location | Shelving location | Date acquired | Source of acquisition | Cost, normal purchase price | Total Checkouts | Full call number | Date last seen | Copy number | Koha item type |
|---|---|---|---|---|---|---|---|---|---|---|---|---|---|---|---|
| Dewey Decimal Classification | Not For Loan | Non-fiction | Central Library, University of Rajshahi | Central Library, University of Rajshahi | Rare Book Section | 05/06/1978 | Zeitlinger | 12.50 | RA 192 HUT V-1 1874 | 15/04/2014 | C-1 | Rare Books |